TV Couch Potatoes Quiz Stats

 Plays Quiz Updated Mar 21, 2016

Challenge
Share
Tweet
Score 0/20 Timer 05:00
0 Plays Today
% Correct
The Simpsons
99.8%
Friends
96.4%
Family Guy
95.3%
The Big Bang Theory
94.2%
That '70s Show
90.7%
Modern Family
88.3%
Breaking Bad
88%
Seinfeld
83.5%
Full House
80.1%
Desperate Housewives
74.6%
% Correct
Bob's Burgers
71.1%
Married... With Children
70%
Gilmore Girls
68.9%
Mad Men
68.1%
Cougar Town
66.1%
Arrested Development
59.8%
Pretty Little Liars
49.2%
Unbreakable Kimmy Schmidt
33.7%
Sons of Anarchy
31.7%
8 Simple Rules
31.7%

You're not logged in!

Compare scores with friends on all Sporcle quizzes.
OR
Log In

You Might Also Like...

Show Comments

Extras

Top Quizzes Today


Score Distribution

Your Account Isn't Verified!

In order to create a playlist on Sporcle, you need to verify the email address you used during registration. Go to your Sporcle Settings to finish the process.

Report this User

Report this user for behavior that violates our Community Guidelines.

Details: